| 000 | 00809nam a2200313Ia 4500 | ||
|---|---|---|---|
| 001 | Z_3033 | ||
| 003 | CHAP | ||
| 008 | 220113s1994 xx 000 0 und d | ||
| 010 | _a166118 | ||
| 040 | _cCHAP | ||
| 082 | _a636.2 G6 | ||
| 100 |
_aGordon, Ian _950018 |
||
| 245 |
_aLaboratory production of cattle embryos / _cby Ian Gordon |
||
| 260 |
_aOxon : _bC.A.B. International, _c1994 |
||
| 300 |
_a640 p. : _bilus. |
||
| 440 | _a | ||
| 500 | _ac. 2 Fotocopía | ||
| 503 | _a190338 | ||
| 650 |
_aEmbriología _xGanado vacuno _936490 |
||
| 650 |
_aEmbriones _xTransferencia I. t. _9140189 |
||
| 650 |
_aGanado vacuno _xGenética _945470 |
||
| 650 |
_aGanado vacuno _xMejoramiento _945480 |
||
| 901 | _a636.2 G6 | ||
| 902 | _aA | ||
| 910 | _a1994 | ||
| 942 | _c1 | ||
| 942 | _cc1 | ||
| 999 |
_c166118 _d166118 |
||